<?xml version="1.0" encoding="UTF-8"?>
<record
    xmlns:xsi="http://www.w3.org/2001/XMLSchema-instance"
    xsi:schemaLocation="http://www.loc.gov/MARC21/slim http://www.loc.gov/standards/marcxml/schema/MARC21slim.xsd"
    xmlns="http://www.loc.gov/MARC21/slim">

  <leader>02292nam a22003257a 4500</leader>
  <datafield tag="952" ind1=" " ind2=" ">
    <subfield code="0">0</subfield>
    <subfield code="1">0</subfield>
    <subfield code="4">0</subfield>
    <subfield code="7">0</subfield>
    <subfield code="a">18</subfield>
    <subfield code="b">18</subfield>
    <subfield code="d">2013-10-10</subfield>
    <subfield code="l">0</subfield>
    <subfield code="o">HF5548.4M525 P47</subfield>
    <subfield code="p">18 001746</subfield>
    <subfield code="r">2013-10-10</subfield>
    <subfield code="t">1</subfield>
    <subfield code="w">2013-10-10</subfield>
    <subfield code="y">LB</subfield>
  </datafield>
  <datafield tag="952" ind1=" " ind2=" ">
    <subfield code="0">0</subfield>
    <subfield code="1">0</subfield>
    <subfield code="4">0</subfield>
    <subfield code="7">0</subfield>
    <subfield code="a">18</subfield>
    <subfield code="b">18</subfield>
    <subfield code="d">2013-10-10</subfield>
    <subfield code="l">1</subfield>
    <subfield code="o">HF5548.4M525 P47</subfield>
    <subfield code="p">18 001747</subfield>
    <subfield code="r">2018-02-08</subfield>
    <subfield code="s">2018-02-08</subfield>
    <subfield code="t">2</subfield>
    <subfield code="w">2013-10-10</subfield>
    <subfield code="y">LB</subfield>
  </datafield>
  <datafield tag="952" ind1=" " ind2=" ">
    <subfield code="0">0</subfield>
    <subfield code="1">0</subfield>
    <subfield code="4">0</subfield>
    <subfield code="7">0</subfield>
    <subfield code="a">18</subfield>
    <subfield code="b">18</subfield>
    <subfield code="d">2013-10-10</subfield>
    <subfield code="l">2</subfield>
    <subfield code="o">HF5548.4M525 P47</subfield>
    <subfield code="p">18 001748</subfield>
    <subfield code="r">2019-07-18</subfield>
    <subfield code="s">2019-07-18</subfield>
    <subfield code="t">3</subfield>
    <subfield code="w">2013-10-10</subfield>
    <subfield code="y">LB</subfield>
  </datafield>
  <datafield tag="952" ind1=" " ind2=" ">
    <subfield code="0">0</subfield>
    <subfield code="1">0</subfield>
    <subfield code="4">0</subfield>
    <subfield code="7">0</subfield>
    <subfield code="a">22</subfield>
    <subfield code="b">22</subfield>
    <subfield code="d">2013-12-16</subfield>
    <subfield code="l">2</subfield>
    <subfield code="o">HF5548.4M525 P47 2013</subfield>
    <subfield code="p">22 000107</subfield>
    <subfield code="r">2018-03-03</subfield>
    <subfield code="s">2018-03-01</subfield>
    <subfield code="t">1</subfield>
    <subfield code="w">2013-12-18</subfield>
    <subfield code="y">LB</subfield>
  </datafield>
  <datafield tag="952" ind1=" " ind2=" ">
    <subfield code="0">0</subfield>
    <subfield code="1">0</subfield>
    <subfield code="4">0</subfield>
    <subfield code="7">0</subfield>
    <subfield code="a">22</subfield>
    <subfield code="b">22</subfield>
    <subfield code="d">2014-01-06</subfield>
    <subfield code="l">1</subfield>
    <subfield code="o">HF5548.4M525 P47 2013</subfield>
    <subfield code="p">22 000142</subfield>
    <subfield code="r">2016-09-28</subfield>
    <subfield code="s">2016-09-28</subfield>
    <subfield code="t">2</subfield>
    <subfield code="w">2014-01-06</subfield>
    <subfield code="y">LB</subfield>
  </datafield>
  <datafield tag="952" ind1=" " ind2=" ">
    <subfield code="0">0</subfield>
    <subfield code="1">0</subfield>
    <subfield code="4">0</subfield>
    <subfield code="7">0</subfield>
    <subfield code="a">22</subfield>
    <subfield code="b">22</subfield>
    <subfield code="d">2014-12-11</subfield>
    <subfield code="l">1</subfield>
    <subfield code="o">HF5548.4M525 P47 2013</subfield>
    <subfield code="p">22 000800</subfield>
    <subfield code="r">2016-08-31</subfield>
    <subfield code="s">2016-08-31</subfield>
    <subfield code="t">3</subfield>
    <subfield code="w">2014-12-11</subfield>
    <subfield code="y">LB</subfield>
  </datafield>
  <datafield tag="952" ind1=" " ind2=" ">
    <subfield code="0">0</subfield>
    <subfield code="1">0</subfield>
    <subfield code="4">0</subfield>
    <subfield code="7">0</subfield>
    <subfield code="a">09</subfield>
    <subfield code="b">09</subfield>
    <subfield code="d">2018-09-19</subfield>
    <subfield code="l">0</subfield>
    <subfield code="o">HF5548.4M525 P47</subfield>
    <subfield code="p">09 005091</subfield>
    <subfield code="r">2018-09-19</subfield>
    <subfield code="t">1</subfield>
    <subfield code="w">2018-09-19</subfield>
    <subfield code="y">LB</subfield>
  </datafield>
  <datafield tag="952" ind1=" " ind2=" ">
    <subfield code="0">0</subfield>
    <subfield code="1">0</subfield>
    <subfield code="2">lcc</subfield>
    <subfield code="4">0</subfield>
    <subfield code="7">0</subfield>
    <subfield code="a">08</subfield>
    <subfield code="b">08</subfield>
    <subfield code="d">2018-11-01</subfield>
    <subfield code="l">2</subfield>
    <subfield code="o">HF5548.4M525 P47</subfield>
    <subfield code="p">08 006742</subfield>
    <subfield code="r">2019-10-18</subfield>
    <subfield code="s">2019-10-18</subfield>
    <subfield code="t">1</subfield>
    <subfield code="w">2018-11-01</subfield>
    <subfield code="y">LB</subfield>
  </datafield>
  <datafield tag="952" ind1=" " ind2=" ">
    <subfield code="0">0</subfield>
    <subfield code="1">0</subfield>
    <subfield code="2">lcc</subfield>
    <subfield code="4">0</subfield>
    <subfield code="7">0</subfield>
    <subfield code="a">13</subfield>
    <subfield code="b">13</subfield>
    <subfield code="d">2019-09-12</subfield>
    <subfield code="l">0</subfield>
    <subfield code="o">HF5548.4M525 P47 2013</subfield>
    <subfield code="p">13 004884</subfield>
    <subfield code="r">2019-09-12</subfield>
    <subfield code="t">1</subfield>
    <subfield code="w">2019-09-12</subfield>
    <subfield code="y">LB</subfield>
  </datafield>
  <datafield tag="999" ind1=" " ind2=" ">
    <subfield code="c">90970</subfield>
    <subfield code="d">90970</subfield>
  </datafield>
  <controlfield tag="005">20231102151612.0</controlfield>
  <controlfield tag="006">aa   gr     001 0 </controlfield>
  <controlfield tag="007">ta</controlfield>
  <controlfield tag="008">131010t2013    mx a   g      001 0 spa d</controlfield>
  <datafield tag="020" ind1=" " ind2=" ">
    <subfield code="a">9786077077206</subfield>
  </datafield>
  <datafield tag="050" ind1="0" ind2="4">
    <subfield code="a">HF5548.4M525</subfield>
    <subfield code="b">P47</subfield>
  </datafield>
  <datafield tag="100" ind1="1" ind2=" ">
    <subfield code="a">P&#xE9;rez Marqu&#xE9;s, Mar&#xED;a</subfield>
    <subfield code="e">autor</subfield>
  </datafield>
  <datafield tag="245" ind1="1" ind2="0">
    <subfield code="a">Office 2013 a trav&#xE9;s de ejemplos</subfield>
    <subfield code="c"> / Mar&#xED;a P&#xE9;rez Marqu&#xE9;s</subfield>
  </datafield>
  <datafield tag="260" ind1="0" ind2=" ">
    <subfield code="a">M&#xE9;xico</subfield>
    <subfield code="b"> : Alfaomega</subfield>
    <subfield code="b">RC Libros</subfield>
    <subfield code="c">, 2013</subfield>
  </datafield>
  <datafield tag="300" ind1=" " ind2=" ">
    <subfield code="a">551 p&#xE1;ginas </subfield>
    <subfield code="b"> : ilustraciones </subfield>
    <subfield code="c">; 23 cm.</subfield>
  </datafield>
  <datafield tag="505" ind1=" " ind2=" ">
    <subfield code="a">1.Instalaci&#xF3;n, requisitos y novedades de Office 2013
2.Entorno y novedades de Word 2013
3.Fuentes, p&#xE1;rrafos, estilos y p&#xE1;ginas en Word 2013
4.Insertar texto, tablas, gr&#xE1;ficos y objetos en Word 2013
5.Referencias, &#xED;ndices, correspondencia y traducir en Word 2013
6.Entorno en de Excel 2013. Inicio y novedades
7.Formulas y funciones en Excel
8.Funciones pata Matem&#xE1;ticas e Ingenier&#xED;a en Excel 2013
9.Gr&#xE1;ficos 2D y 3D en Excel 2013
10.An&#xE1;lisis de hip&#xF3;tesis. Tablas y gr&#xE1;ficos din&#xE1;micos
11.Entorno y novedades en Accesdd 2013. Inicio
12.Creaci&#xF3;n de bases de datos en Access
13.Tablas, relaciones, claves e &#xED;ndices en Access 2013
14.Consultas en Access 2013. Dise&#xF1;o, creaci&#xF3;n y tipos
15.Access, Excel, Word. Importar y exportar en Office 2013
16.Power Point 2013. Inicio, novedades y entorno de trabajo
17.LYNC 2013
18.Office 2013 y Office 365. Exchange, Outlook y SharePoint 2013
19.Office Web Apps 2013</subfield>
  </datafield>
  <datafield tag="519" ind1=" " ind2=" ">
    <subfield code="a">Educaci&#xF3;n Mixta / </subfield>
    <subfield code="b">Contadur&#xED;a / </subfield>
    <subfield code="c">Software Aplicado (M04) / </subfield>
    <subfield code="d">(22 000107)</subfield>
  </datafield>
  <datafield tag="519" ind1=" " ind2=" ">
    <subfield code="a">Educaci&#xF3;n Mixta / </subfield>
    <subfield code="b">Administraci&#xF3;n / </subfield>
    <subfield code="c">Software Aplicado (M04) / </subfield>
    <subfield code="d">(22 000142)</subfield>
  </datafield>
  <datafield tag="519" ind1=" " ind2=" ">
    <subfield code="a">Material Complementario / </subfield>
    <subfield code="d">(22 000800)</subfield>
  </datafield>
  <datafield tag="519" ind1=" " ind2=" ">
    <subfield code="a">Plan Flexible /</subfield>
    <subfield code="b">Inform&#xE1;tica / </subfield>
    <subfield code="c">Procesador de texto y presentaciones electr&#xF3;nicas (B10-3) / </subfield>
    <subfield code="d">(18 001746,18 001747)</subfield>
  </datafield>
  <datafield tag="519" ind1=" " ind2=" ">
    <subfield code="a">Plan Flexible / </subfield>
    <subfield code="b">Pedagog&#xED;a / </subfield>
    <subfield code="c">Inform&#xE1;tica (M04-1) / </subfield>
    <subfield code="d">(18 001748)</subfield>
  </datafield>
  <datafield tag="519" ind1=" " ind2=" ">
    <subfield code="a">Material Complementario /</subfield>
    <subfield code="b">Inform&#xE1;tica /</subfield>
    <subfield code="d">(09 005091)</subfield>
  </datafield>
  <datafield tag="519" ind1=" " ind2=" ">
    <subfield code="a">Material Complementario /</subfield>
    <subfield code="b">Inform&#xE1;tica /</subfield>
    <subfield code="d">(08 006742)</subfield>
  </datafield>
  <datafield tag="519" ind1=" " ind2=" ">
    <subfield code="a">DGB /</subfield>
    <subfield code="b">Prepa UIN /</subfield>
    <subfield code="c">Gesti&#xF3;n de Archivos de Texto /</subfield>
    <subfield code="d">(13 004884)</subfield>
  </datafield>
  <datafield tag="650" ind1="1" ind2="4">
    <subfield code="a">MICROSOFT OFFICE </subfield>
  </datafield>
  <datafield tag="650" ind1="2" ind2="4">
    <subfield code="a">MICROSOFT WORD (PROGRAMA PARA COMPUTADORA)</subfield>
  </datafield>
  <datafield tag="650" ind1="2" ind2="4">
    <subfield code="a">MICROSOFT EXCEL</subfield>
  </datafield>
  <datafield tag="650" ind1="2" ind2="4">
    <subfield code="a">MICROSOFT ACCESS</subfield>
  </datafield>
  <datafield tag="942" ind1=" " ind2=" ">
    <subfield code="c">LB</subfield>
    <subfield code="2">lcc</subfield>
  </datafield>
</record>
